00319 2200133 4500001002100000005001500021035002000036245004500056260004000101082000800141084001200149990001200161990001200173INLIS00000000000258720250605020427 a0010-0625000173 aSeri Pertukangan Kerja Bangku /cSoejono aBandung :bRemaja Rosdakarya,c1994 a600 a600 SER a0420971 a0420972